000 00518nam a2200181Ia 4500
999 _c35019
_d35019
003 OSt
005 20201231130437.0
008 190216s9999||||xx |||||||||||||| ||und||
020 _a9788126466054
040 _coclc
082 _a894.8125
_bGEO/A
100 _aGeorge, K M
_97076
245 0 _aAadhunika Vicharasilpikal Prabhashanangal /
_cK M George
260 _bDc Books,
_c2012.
_aKottayam:
300 _a175p
650 _aPolitics
942 _cBK
_2ddc
_h894.8125
_iGEO/A
_k894.8125
_mGEO/A